000 00638nam a2200205Ia 4500
003 OSt
005 20230609143537.0
008 210423s2004 xx 000 0 und d
040 _cAL
041 _aeng
082 _a338.9 SELD
_223
100 _aSELIGSON (Mitchell A);PASSE SMITH (John T)
_9121250
245 _aDevelopment and under development the political economy of global inequality
260 _bViva Books Pvt Ltd
_c2004
365 _b495
_cINR
650 _aEconomics
_9121251
650 _aEconomics of Development
_9121252
906 _aDevelopment ; economy ; global ; inequality ; political ; under
942 _2ddc
_cBK
999 _c173848
_d173848